Statistics for 2024 Solar Eclipse Countries and US States on a Map

Click here to take the quiz!

General Stats

  • This quiz has been taken 89 times
  • The average score is 16 of 17

Answers on the Map

Answers color-coded by a green-red scale on the quiz's map according to % correct below.
 

Answer Stats

Answer% Correct
Ohio
100%
New York
99%
Mexico
97%
Texas
97%
Arkansas
96%
Canada
96%
Illinois
96%
Indiana
96%
Maine
96%
Pennsylvania
96%
Vermont
96%
New Hampshire
95%
Oklahoma
95%
Missouri
93%
Kentucky
92%
Tennessee
80%
Michigan
79%

Score Distribution

Percentile by Number Answered

Percent of People with Each Score

Your Score History

You have not taken this quiz